ARRUPE JESUIT UNIVERSITY

CORONAVIRUS -STOP THE SPREAD - CLEAN,DISINFECT,COVER

Congo : (Record no. 121890)

MARC details
000 -LEADER
fixed length control field 01139cam a2200349 i 4500
001 - CONTROL NUMBER
control field 10738831
003 - CONTROL NUMBER IDENTIFIER
control field ARRUPE
005 - DATE AND TIME OF LATEST TRANSACTION
control field 20150305133714.0
008 - FIXED-LENGTH DATA ELEMENTS--GENERAL INFORMATION
fixed length control field 130622s2014 nyub b 001 0 eng d
020 ## - INTERNATIONAL STANDARD BOOK NUMBER
International Standard Book Number 9780007562909
020 ## - INTERNATIONAL STANDARD BOOK NUMBER
International Standard Book Number 9780007562916
024 ## - OTHER STANDARD IDENTIFIER
Standard number or code 40023472006
035 ## - SYSTEM CONTROL NUMBER
System control number (OCoLC)ocn850221510
035 ## - SYSTEM CONTROL NUMBER
System control number (OCoLC)850221510
035 ## - SYSTEM CONTROL NUMBER
System control number (NNC)10738831
040 ## - CATALOGING SOURCE
Original cataloging agency BTCTA
Transcribing agency BTCTA
Modifying agency BDX
-- WIQ
-- CXP
-- YDXCP
-- GO6
-- CLE
-- FOLLT
-- WIM
Description conventions rda
Modifying agency ABG
-- ZHB
041 1# - LANGUAGE CODE
Language code of text/sound track or separate title eng
Language code of original and/or intermediate translations of text dut
043 ## - GEOGRAPHIC AREA CODE
Geographic area code f-cg---
050 14 - LIBRARY OF CONGRESS CALL NUMBER
Classification number DT652
Item number .R49 2014
082 04 - DEWEY DECIMAL CLASSIFICATION NUMBER
Classification number 967.51
Edition number 23
300 ## - PHYSICAL DESCRIPTION
Other physical details maps ;
Dimensions 24 cm
100 1# - MAIN ENTRY--PERSONAL NAME
Personal name Reybrouck, David van,
Relator term author.
9 (RLIN) 14622
245 10 - TITLE STATEMENT
Title Congo :
Remainder of title The epic history of a people /
Statement of responsibility, etc David van Reybrouck ; translated from the Dutch by Sam Garrett.
250 ## - EDITION STATEMENT
Edition statement 1st ed.
260 ## - PUBLICATION, DISTRIBUTION, ETC. (IMPRINT)
Place of publication, distribution, etc London:
Name of publisher, distributor, etc Fourth Estate,
Date of publication, distribution, etc 2014.
300 ## - PHYSICAL DESCRIPTION
Extent x, 639 pages :
504 ## - BIBLIOGRAPHY, ETC. NOTE
Bibliography, etc Includes bibliographical references (pages [561]-618) and index.
651 #0 - SUBJECT ADDED ENTRY--GEOGRAPHIC NAME
Geographic name Congo (Democratic Republic)
General subdivision History.
9 (RLIN) 14623
700 1# - ADDED ENTRY--PERSONAL NAME
Personal name Garrett, Sam,
Relator term translator.
9 (RLIN) 14624
942 ## - ADDED ENTRY ELEMENTS (KOHA)
Source of classification or shelving scheme Library of Congress Classification
Koha item type Monograph ( Printed materials)
948 1# - LOCAL PROCESSING INFORMATION (OCLC); SERIES PART DESIGNATOR (RLIN)
Series part designator, SPT (RLIN) 20140424
b (OCLC) c
c (OCLC) jeb52
d (OCLC) MPS
Holdings
Withdrawn status Lost status Source of classification or shelving scheme Damaged status Not for loan Collection code Home library Current library Shelving location Date acquired Total Checkouts Full call number Barcode Date last seen Copy number Price effective from Koha item type
    Library of Congress Classification     Main Collection ARRUPE LIBRARY ARRUPE LIBRARY Main Collection 23/01/2015   DT652 .R49 2014 46500003089 07/12/2017 1 23/01/2015 Monograph ( Printed materials)

 

Arrupe Library. PO Box MP320 Mt Pleasant, Harare, Zimbabwe
263 242 745411|librarian@aju.ac.zw